000 00532nmm a2200169Ia 4500
008 251105s9999||||xx |||||||||||||||||und||
020 _a9789681684501
041 _aspa
100 _aAmara, Luigi
245 0 _aLas aventuras de Max y su ojo submarino
264 _a[México D.C., Mexico] :
_bFondo de Cultura Económica,
_c2021
300 _a68 páginas
490 _aLos Especiales de A la Orilla del Viento
650 _aTeen & Young Adult Fiction
856 _uhttps://public.digitaliapublishing.com/a/156414
942 _cCF
999 _c97099
_d97099